| 000 | 00702nam a2200217 a 4500 | ||
|---|---|---|---|
| 008 | 120416s1972 ||||||||||||||||| || u | ||
| 020 | _a0060101148 | ||
| 050 | _aLC 4661 Ame | ||
| 100 | _aGillespie, Clyde | ||
| 245 | 1 | 0 | _aStop school failure |
| 260 |
_aNew York: _bHarper & Row _c1972 |
||
| 300 | _avii, 308 p.: ill. | ||
| 350 | _a0.00 | ||
| 500 | _aBibliography: p. 289-295. | ||
| 650 | _aCHILDREN | ||
| 650 | _aSchool failure | ||
| 650 | _aPROBLEM CHILDREN--EDUCATION | ||
| 700 | _aStreff, John W | ||
| 700 | _aAmes, Louise Bates | ||
| 995 |
_D0.00 _FCBU-MAIN LIBRARY (Kitwe) _H1 _I7.95 _M1 _UAVAILABLE _ZAnnex Low-Usage Collection |
||
| 999 |
_c58456 _d58456 |
||